Salvar la universidad : Sobre tecnología y enseñanza superior /

Este artículo no trata de presentar las maravillosas o no posibilidades de un nuevo recurso docente, sino de señalar que un cambio total y revolucionario es necesario en la enseñanza superior, un cambio que implica el uso de computadoras como instrumentos para el manejo de la información y para la c...

Full description

Bibliographic Details
Main Author: Bartolomé, Antonio R.
Format: Analitica de revista
Language:Spanish
Published: Santiago, Chile Pontificia Universidad Católica de Chile 1997

MARC

LEADER 00000cab a2200000 a 4500
001 036219
003 UAHC_CL
005 20170803123949.0
008 030922s1994 cl f 000 spa
040 |a UAHC_CL  |c UAHC_CL  |d UAHC_CL 
100 1 |a Bartolomé, Antonio R. 
245 1 0 |a Salvar la universidad :  |b Sobre tecnología y enseñanza superior /  |c Antonio R. Bartolomé. 
260 |b Pontificia Universidad Católica de Chile  |c 1997  |a Santiago, Chile 
300 |a p. 235-251 
500 |a En: Pensamiento educativo, nû21, 1997. p. 235-251. ISSN 07171013. 
500 |a En: Pensamiento educativo, n°21, 1997. p. 235-251. ISSN 07171013. 
500 |a En: Pensamiento educativo, nç21, 1997. p. 235-251. ISSN 07171013. 
520 |a Este artículo no trata de presentar las maravillosas o no posibilidades de un nuevo recurso docente, sino de señalar que un cambio total y revolucionario es necesario en la enseñanza superior, un cambio que implica el uso de computadoras como instrumentos para el manejo de la información y para la comunicación. 
520 |a Este artículo no trata de presentar las maravillosas o no posibilidades de un nuevo recurso docente, sino de señalar que un cambio total y revolucionario es necesario en la enseñanza superior, un cambio que implica el uso de computadoras como instrumentos para el manejo de la información y para la comunicación. 
759 |a PP160 
773 0 |t Revista PRELAC  |w 041234 
900 |a PENSAMIENTO EDUCATIVO-21/97 
942 |c REVA 
952 |0 0  |1 0  |4 0  |6 PENSAMIENTO_EDUCATIVO21_97_000000000000000  |7 0  |8 General  |9 68940  |a BC  |b BC  |c General  |d 2017-08-03  |l 0  |o PENSAMIENTO EDUCATIVO-21/97  |p FICTICIO4846  |r 2019-01-08 00:00:00  |t 1  |w 2017-08-03  |y REVA 
999 |c 36219  |d 36219